00585nam a2200145Ia 4500008004100000024005600041082001700097100007800114245003400192260002500226600002500251650003800276952010800314999001700422250506s9999 xx 000 0 und d a15B-077-SE, 15B-072-SE, 15B-112-SE & 15B-120-SE a004.3219 MUH aMuhammad Ali, Naymat Sarwar, Muhammad Farrukh Khan and Muhammad Ayub Khan 0aSpeaking Gestures (CODE BOOK) aKarachi:bUIT,c2005 aSoftware Engineering aBachelor of Computer Science (BS) 001040708PR-SEaUITUbUITUd2022-07-26l0o004.3219 MUHpSE-14Ar2025-05-06 11:34:19w2025-05-06yPR c28217d28217